Anger is harmful

Bibliographic Details
Format: Book
Published: Selangor : Edu Quest Publisher , 2005
Series:Fun learning moral stories
Subjects:

MARC

LEADER 00000cam a2200000 7i4500
001 0000005324
005 20220105104010.0
008 070803
020 |a 983274718X(set) 
020 |a 9832747198 
090 0 0 |a JP   |b MOR ENG (6173) 
245 0 0 |a Anger is harmful 
260 |a Selangor :   |b Edu Quest Publisher ,   |c 2005 
440 |a Fun learning moral stories 
500 |a Children age 4-6 years old (yellow) 
650 0 |a English fiction 
650 0 |a Junior preschool   |x English   |x Languages 
650 0 |a Moral 
999 |a 0000976835   |b Book   |c Children Collection   |e Perbadanan Perpustakaan Awam Johor 
999 |a 0000976836   |b Book   |c Children Collection   |e Cawangan Segamat 
999 |a 0000976837   |b Book   |c Children Collection   |e Perbadanan Perpustakaan Awam Johor 
999 |a 0000976838   |b Book   |c Children Collection   |e Perbadanan Perpustakaan Awam Johor 
999 |a 0000976839   |b Book   |c Children Collection   |e Perbadanan Perpustakaan Awam Johor 
999 |a 0000986507   |b Book   |c Children Collection   |e Cawangan Bandar Penawar 
999 |a 0000986510   |b Book   |c Children Collection   |e Cawangan Segamat 
999 |a 0000986511   |b Book   |c Children Collection   |e Cawangan Tmn. Ungku Tun Aminah